The Family in rural society /

Bibliographic Details
Other Authors: Coward, Raymond T., Smith, William M.
Format: Book
Language:English
Published: Boulder, Colo. : Westview Press, 1981.
Series:Westview special studies in contemporary social issues.
Subjects:

MARC

Tag First Indicator Second Indicator Subfields
LEADER 00000pam a2200000 a 4500
001 in00000069596
005 20151008054515.0
008 810226s1981 coua b 00100 eng
010 |a  81001769  
020 |a 0865311218 
035 |a (OCoLC)07274243 
035 |9 AAJ0862AM 
040 |a DLC  |c DLC  |d TXA  |d UtOrBLW 
043 |a n-us--- 
049 |a TXAM  |c [985604] 
050 0 0 |a HQ536  |b .F369 
082 0 |a 306.8/0973  |2 19 
245 0 4 |a The Family in rural society /  |c edited by Raymond T. Coward and William M. Smith. 
264 1 |a Boulder, Colo. :  |b Westview Press,  |c 1981. 
300 |a xvi, 238 pages :  |b illustrations ;  |c 24 cm. 
336 |a text  |b txt  |2 rdacontent 
337 |a unmediated  |b n  |2 rdamedia 
338 |a volume  |b nc  |2 rdacarrier 
490 1 |a Westview special studies in contemporary social issues 
504 |a Includes bibliographies and index. 
536 |a From the library of Dr. James H. Copp, February 2004. 
650 0 |a Rural families  |z United States. 
700 1 |a Coward, Raymond T. 
700 1 |a Smith, William M. 
830 0 |a Westview special studies in contemporary social issues. 
999 |a MARS 
999 f f |s 6ebc05b8-abe7-3736-8e3d-79c4f6ca7d54  |i 0d8cdd22-99a5-33d4-b3df-1891e0f1678b  |t 0 
952 f f |p ric  |a Texas A&M University  |b Rellis Campus  |c Joint Library Facility  |d Remote Storage  |t 0  |e HQ536 .F369  |h Library of Congress classification  |i unmediated -- volume  |m A14831171271 
998 f f |a HQ536 .F369  |t 0  |l Remote Storage